000 00544nam a22002297a 4500
003 UA-OsUOA
001 94864
007 ta
008 20130218b un ||||| |||| 00| 0 ukr d
100 _aДеледда Г.
090 _a821.131.1
_bД29
942 _cBK
040 _aUA-OsUOA
_bukr
_cUA-OsUOA
_dUA-OsUOA
245 _aТростини на вітрі. Мати
_bромани
300 _a316 с.
955 _a3
041 _aukr
080 _a821.131.1
260 _aК.
_bДніпро
_c1975
650 7 _2UDC
999 _c381133
_d381133